Wiring manual for : (Record no. 180979)
[ view plain ]
| 000 -LEADER | |
|---|---|
| fixed length control field | 00845 a2200181 4500 |
| 003 - CONTROL NUMBER IDENTIFIER | |
| control field | Nust |
| 005 - DATE AND TIME OF LATEST TRANSACTION | |
| control field | 20230217110616.0 |
| 040 ## - CATALOGING SOURCE | |
| Transcribing agency | Nust |
| 082 ## - DEWEY DECIMAL CLASSIFICATION NUMBER | |
| Classification number | 621.31924,JEF |
| 100 1# - MAIN ENTRY--PERSONAL NAME | |
| Personal name | H L Jefferies |
| 9 (RLIN) | 109194 |
| 245 ## - TITLE STATEMENT | |
| Title | Wiring manual for : |
| Remainder of title | electrical installations in Pakistan / |
| Statement of responsibility, etc. | H. L. Jefferies |
| 260 ## - PUBLICATION, DISTRIBUTION, ETC. | |
| Place of publication, distribution, etc. | Pakistan cables Ltd |
| Name of publisher, distributor, etc. | Karachi |
| Date of publication, distribution, etc. | 1963 |
| 300 ## - PHYSICAL DESCRIPTION | |
| Extent | 210 p |
| 505 ## - FORMATTED CONTENTS NOTE | |
| Formatted contents note | Planning the Installation (Page-1), Choice of Cables (Page-19), Installation Methods (Page-45), Earthing (Page-97), Protective Devices (Page-125), Motor Installation (Page-134), Lighting Circuits and Socket Outlets (Page-150), Wiring of Special Equipment (Page-167), Testing (Page-179), Production of Quality cables (Page-193). |
| 600 ## - SUBJECT ADDED ENTRY--PERSONAL NAME | |
| Personal name | Jefferies H. L |
| 9 (RLIN) | 109195 |
| 650 ## - SUBJECT ADDED ENTRY--TOPICAL TERM | |
| Topical term or geographic name entry element | Wiring manual for electrical installations in pakistan |
| 9 (RLIN) | 109196 |
| 942 ## - ADDED ENTRY ELEMENTS (KOHA) | |
| Source of classification or shelving scheme | |
| Koha item type | Book |
| Withdrawn status | Lost status | Source of classification or shelving scheme | Damaged status | Not for loan | Permanent Location | Current Location | Shelving location | Date acquired | Full call number | Barcode | Date last seen | Price effective from | Koha item type | Public note |
|---|---|---|---|---|---|---|---|---|---|---|---|---|---|---|
| Military College of Signals (MCS) | Military College of Signals (MCS) | General Stacks | 12/12/2016 | 621.31924,JEF | MCS5383 | 12/08/2016 | 12/12/2016 | Book | Almirah No.71, Shelf No.3 |
